[Event "COL-ch U20"]
[Site "Cali"]
[Date "2024.02.29"]
[Round "3"]
[White "Campos Gomez, Manuel"]
[Black "Loaiza Cuervo, Santiago"]
[Result "1-0"]
[WhiteElo "2281"]
[BlackElo "2039"]
[PlyCount "45"]
[EventDate "2024.02.28"]
[EventType "swiss"]
[EventRounds "9"]
[EventCountry "COL"]
[SourceTitle "CB11_2024"]
[SourceDate "2024.03.13"]
[SourceVersion "1"]
[SourceVersionDate "2024.03.13"]
[SourceQuality "1"]

1. d4 Nf6 2. c4 g6 3. Nc3 Bg7 4. e4 0-0 5. Be2 d6 6. Nf3 e5 7. 0-0 Na6 8. Be3 Qe7 9. Qc2 exd4 10. Bxd4 Re8 11. Rfe1 Nb4 12. Qd2 Nc6 13. Nd5 Nxd5 14. Bxg7 Nf6 15. Bh6 Nxe4 16. Qe3 Nc5 17. Qc3 f6 18. b4 Ne6 19. c5 Ne5 20. Bc4 Kh8 21. Nxe5 fxe5 22. f4 Qh4 23. Rxe5 1-0

[Event "Medellin de La Raza op"]
[Site "Medellin"]
[Date "2023.10.16"]
[Round "10"]
[White "Loaiza Cuervo, Santiago"]
[Black "Gonzalez Mojica, Renan Arturo"]
[Result "1/2-1/2"]
[WhiteElo "2074"]
[BlackElo "1978"]
[PlyCount "61"]
[EventDate "2023.10.12"]
[EventType "swiss"]
[EventRounds "10"]
[EventCountry "COL"]
[SourceTitle "Mega2024 Update 01"]
[Source "Chessbase"]
[SourceDate "2023.11.12"]
[SourceVersion "1"]
[SourceVersionDate "2023.11.12"]
[SourceQuality "1"]

1. e4 c5 2. Nf3 d6 3. d4 cxd4 4. Nxd4 Nf6 5. Nc3 a6 6. h3 e5 7. Nde2 b5 8. g4 Bb7 9. Bg2 Nbd7 10. g5 Nh5 11. Bf3 g6 12. Bxh5 gxh5 13. Ng3 h4 14. Nf5 Nc5 15. Qf3 Be7 16. Ng7+ Kf8 17. Nf5 Bxg5 18. Nxd6 Qxd6 19. Bxg5 Nxe4 20. Rd1 Qc6 21. Nd5 Nxg5 22. Qa3+ Kg7 23. Qe7 Nf3+ 24. Ke2 Qc4+ 25. Ke3 Bxd5 26. Rdg1+ Kh6 27. Qf6+ Kh5 28. Qf5+ Kh6 29. Qf6+ Kh5 30. Qf5+ Kh6 31. Qf6+ 1/2-1/2

[Event "Medellin Flores op 30th"]
[Site "Medellin"]
[Date "2023.08.05"]
[Round "5"]
[White "Ruiz Aguilar, Pablo Alexander"]
[Black "Loaiza Cuervo, Santiago"]
[Result "1-0"]
[WhiteElo "2178"]
[BlackElo "2079"]
[PlyCount "61"]
[EventDate "2023.08.03"]
[EventType "swiss"]
[EventRounds "9"]
[EventCountry "COL"]
[SourceTitle "CBM 215 Extra"]
[Source "ChessBase"]
[SourceDate "2023.09.30"]
[SourceVersion "1"]
[SourceVersionDate "2023.09.30"]
[SourceQuality "1"]

1. e4 c5 2. Nf3 d6 3. d4 cxd4 4. Nxd4 Nf6 5. Nc3 a6 6. Be2 e5 7. Nb3 Be7 8. 0-0 0-0 9. Re1 Be6 10. Bf1 Nbd7 11. Nd5 Bxd5 12. exd5 h5 13. c4 h4 14. c5 Nxc5 15. Nxc5 dxc5 16. Rxe5 Qc7 17. Rf5 Rad8 18. Qf3 Qd6 19. Bg5 Nd7 20. Bf4 Qb6 21. Re1 Bf6 22. d6 Rfe8 23. Rd1 Qxb2 24. g4 hxg3 25. hxg3 g6 26. Bc1 Qc3 27. Rxf6 Qxf6 28. Qxb7 Ne5 29. f4 Rxd6 30. fxe5 Qxe5 31. Bf4 1-0

[Event "Barbera del Valles op 45th"]
[Site "Barbera del Valles"]
[Date "2023.07.05"]
[Round "2"]
[White "Cordoba Roa, Angel Gabriel"]
[Black "Loaiza Cuervo, Santiago"]
[Result "1-0"]
[WhiteElo "2339"]
[BlackElo "2006"]
[PlyCount "71"]
[EventDate "2023.07.04"]
[EventType "swiss"]
[EventRounds "9"]
[EventCountry "ESP"]
[SourceTitle "CBM 215 Extra"]
[Source "ChessBase"]
[SourceDate "2023.09.30"]
[SourceVersion "1"]
[SourceVersionDate "2023.09.30"]
[SourceQuality "1"]

1. e4 c5 2. Nf3 d6 3. c3 Nf6 4. Be2 Nbd7 5. Qc2 Qc7 6. 0-0 e6 7. Re1 Be7 8. a4 0-0 9. d3 b6 10. a5 b5 11. d4 cxd4 12. Bxb5 dxc3 13. Nxc3 d5 14. exd5 Nxd5 15. Bd3 N5f6 16. Bg5 Bb7 17. Nd5 Nxd5 18. Qxc7 Nxc7 19. Bxe7 Rfe8 20. Bd6 Rac8 21. Nd4 Nf6 22. Rac1 Nfd5 23. Nc6 a6 24. Nd4 Red8 25. Bc5 Nf4 26. Bf1 Ncd5 27. Nb3 Rd7 28. Ba3 Rxc1 29. Rxc1 Rc7 30. Nc5 Bc8 31. b3 Rc6 32. g3 Ng6 33. Nxa6 Nge7 34. Nb8 Rxc1 35. Bxc1 Nb4 36. Bd2 1-0

[Event "Barbera del Valles op 45th"]
[Site "Barbera del Valles"]
[Date "2023.07.04"]
[Round "1"]
[White "Loaiza Cuervo, Santiago"]
[Black "Ilamparthi, AR."]
[Result "1-0"]
[WhiteElo "2006"]
[BlackElo "2393"]
[PlyCount "113"]
[EventDate "2023.07.04"]
[EventType "swiss"]
[EventRounds "9"]
[EventCountry "ESP"]
[SourceTitle "CBM 215 Extra"]
[Source "ChessBase"]
[SourceDate "2023.09.30"]
[SourceVersion "1"]
[SourceVersionDate "2023.09.30"]
[SourceQuality "1"]

1. e4 c5 2. Nf3 d6 3. d4 cxd4 4. Nxd4 Nf6 5. Nc3 a6 6. Bg5 e6 7. f4 Be7 8. Qf3 Qc7 9. 0-0-0 Nbd7 10. g4 h6 11. Bxf6 Bxf6 12. h4 Nb6 13. g5 Bxd4 14. Rxd4 Qc5 15. Rd2 Bd7 16. Be2 Na4 17. Nxa4 Bxa4 18. Rhd1 Rc8 19. b3 Bc6 20. f5 Qe5 21. Rd4 hxg5 22. hxg5 Rd8 23. Kb1 Rh4 24. fxe6 fxe6 25. Rf1 Kd7 26. Qf7+ Kc8 27. Rc4 Rd7 28. Rxc6+ bxc6 29. Bxa6+ Kc7 30. Qe8 Rxe4 31. Qc8+ Kb6 32. Qxd7 Re1+ 33. Rxe1 Qxe1+ 34. Kb2 Qe5+ 35. c3 Kxa6 36. Qxc6+ Ka7 37. Qa4+ Kb7 38. g6 Qe2+ 39. Ka3 Qd2 40. Qd4 Qh6 41. Qe4+ Kb6 42. Qxe6 Qc1+ 43. Kb4 Qf4+ 44. Qc4 Qf5 45. Qd4+ Kc6 46. Qc4+ Kb6 47. a4 Qxg6 48. a5+ Kb7 49. a6+ Ka7 50. Qc6 Qf7 51. Qxd6 g5 52. Qc5+ Kxa6 53. Qc4+ Qxc4+ 54. Kxc4 g4 55. Kd3 g3 56. Ke2 g2 57. Kf2 1-0

[Event "Medellin Easter op 11th"]
[Site "Medellin"]
[Date "2023.04.06"]
[Round "3"]
[White "Loaiza Cuervo, Santiago"]
[Black "Iral Castro, Brahiam"]
[Result "1-0"]
[WhiteElo "2044"]
[BlackElo "1821"]
[PlyCount "108"]
[EventDate "2023.04.05"]
[EventType "swiss"]
[EventRounds "7"]
[EventCountry "COL"]
[SourceTitle "CBM 213 Extra"]
[Source "ChessBase"]
[SourceDate "2023.05.31"]
[SourceVersion "1"]
[SourceVersionDate "2023.05.31"]
[SourceQuality "1"]

1. e4 e5 2. Nf3 Nc6 3. Bb5 Nf6 4. 0-0 Bc5 5. c3 0-0 6. d4 Bb6 7. Re1 d6 8. h3 Bd7 9. a4 a6 10. Bc4 h6 11. dxe5 dxe5 12. b4 Qc8 13. Be3 Be6 14. Nbd2 Bxe3 15. Rxe3 Bxc4 16. Nxc4 Qe6 17. Qf1 Rfd8 18. Ncd2 Nh5 19. g3 Rd7 20. Kg2 g5 21. Qc4 g4 22. hxg4 Qxg4 23. Nh2 Qg7 24. Ndf3 Rad8 25. Nh4 Ne7 26. N2f3 Kh7 27. Nxe5 Qxe5 28. Qxf7+ Ng7 29. Rh1 Rd1 30. Nf3 Qd6 31. Rxd1 Qxd1 32. Qxe7 Rd7 33. Qh4 Qxa4 34. e5 Qc6 35. e6 Nf5 36. Qe4 Qxe4 37. Rxe4 Re7 38. Nd4 Nd6 39. Re5 Kg6 40. f4 Kf6 41. Rh5 Kg6 42. g4 Ne4 43. f5+ Kg7 44. Rh3 Nf6 45. Kf3 Re8 46. Kf4 Nd5+ 47. Ke5 c6 48. Rg3 Nb6 49. g5 Nc4+ 50. Kf4 hxg5+ 51. Rxg5+ Kh6 52. f6 a5 53. Nf5+ Kh7 54. Rh5+ Kg6 1-0

[Event "Medellin Easter op 11th"]
[Site "Medellin"]
[Date "2023.04.05"]
[Round "1"]
[White "Loaiza Cuervo, Santiago"]
[Black "Mejia Castaneda, Jhoiner Alfonso"]
[Result "1-0"]
[WhiteElo "2044"]
[BlackElo "1301"]
[PlyCount "73"]
[EventDate "2023.04.05"]
[EventType "swiss"]
[EventRounds "7"]
[EventCountry "COL"]
[SourceTitle "CBM 213 Extra"]
[Source "ChessBase"]
[SourceDate "2023.05.31"]
[SourceVersion "1"]
[SourceVersionDate "2023.05.31"]
[SourceQuality "1"]

1. e4 e6 2. d4 d5 3. Nc3 c5 4. exd5 exd5 5. dxc5 Nf6 6. Be3 Nc6 7. Nf3 Be7 8. Be2 0-0 9. 0-0 Bg4 10. Nd4 Bxe2 11. Qxe2 Rc8 12. Nxc6 Rxc6 13. b4 b6 14. b5 Re6 15. c6 Bc5 16. Rad1 Rfe8 17. Qd2 Rxe3 18. fxe3 Bxe3+ 19. Qxe3 Rxe3 20. Nxd5 Nxd5 21. c4 Re5 22. cxd5 Qd6 23. Rc1 Re7 24. Rfd1 h6 25. a4 g5 26. Rc4 f5 27. c7 Rxc7 28. Rc6 Rxc6 29. bxc6 a6 30. Rc1 Qxd5 31. c7 Qd4+ 32. Kh1 Qxa4 33. c8Q+ Kg7 34. Qb7+ Kg6 35. Qc6+ Qxc6 36. Rxc6+ Kh5 37. Rxb6 1-0

[Event "Sabaneta op-A 1st"]
[Site "Sabaneta"]
[Date "2022.11.29"]
[Round "7"]
[White "Loaiza Cuervo, Santiago"]
[Black "Palencia Morales, Wilson Guillermo"]
[Result "0-1"]
[WhiteElo "2037"]
[BlackElo "2260"]
[PlyCount "92"]
[EventDate "2022.11.25"]
[EventType "swiss"]
[EventRounds "10"]
[EventCountry "COL"]
[SourceTitle "CBM 211 Extra"]
[Source "ChessBase"]
[SourceDate "2023.01.31"]
[SourceVersion "1"]
[SourceVersionDate "2023.01.31"]
[SourceQuality "1"]

1. e4 e5 2. Nf3 Nc6 3. Bb5 Nd4 4. Bc4 Nxf3+ 5. Qxf3 Qf6 6. Qe2 Ne7 7. Nc3 c6 8. d4 d6 9. dxe5 dxe5 10. h4 Be6 11. Bg5 Bxc4 12. Qxc4 Qe6 13. Qb4 Qc8 14. Qb3 h6 15. Be3 Ng6 16. h5 Nf4 17. Bxf4 exf4 18. Ne2 Qc7 19. 0-0-0 Bd6 20. Nd4 0-0-0 21. Rh3 Bc5 22. Rhd3 Bxd4 23. Rxd4 Rxd4 24. Rxd4 Qe5 25. Qh3+ Kb8 26. Qd7 a5 27. b3 Rc8 28. f3 Rc7 29. Qd8+ Ka7 30. Qd6 Qxd6 31. Rxd6 Kb6 32. Rd2 Re7 33. g3 fxg3 34. Rg2 Re5 35. Rxg3 Rg5 36. Rxg5 hxg5 37. Kd2 Kc5 38. Kc3 b5 39. a4 Kd6 40. axb5 cxb5 41. Kd4 f6 42. c4 bxc4 43. Kxc4 Ke5 44. Kb5 Kf4 45. Kxa5 Kxf3 46. b4 g4 0-1

[Event "Sabaneta op-A 1st"]
[Site "Sabaneta"]
[Date "2022.11.27"]
[Round "4"]
[White "Caro Gallego, James Stiven"]
[Black "Loaiza Cuervo, Santiago"]
[Result "0-1"]
[WhiteElo "1884"]
[BlackElo "2037"]
[PlyCount "138"]
[EventDate "2022.11.25"]
[EventType "swiss"]
[EventRounds "10"]
[EventCountry "COL"]
[SourceTitle "CBM 211 Extra"]
[Source "ChessBase"]
[SourceDate "2023.01.31"]
[SourceVersion "1"]
[SourceVersionDate "2023.01.31"]
[SourceQuality "1"]

1. Nf3 Nf6 2. g3 g6 3. Bg2 Bg7 4. 0-0 0-0 5. c4 d6 6. Nc3 Nc6 7. d4 a6 8. e4 Bg4 9. h3 Bxf3 10. Bxf3 e5 11. d5 Nd4 12. Bg2 c5 13. dxc6 bxc6 14. Bg5 Qb6 15. Na4 Qb4 16. Rc1 Nd7 17. b3 Rfe8 18. Bd2 Qa3 19. Bc3 Qxc1 20. Qxc1 Ne2+ 21. Kh2 Nxc1 22. Rxc1 Rac8 23. Ba5 Bf8 24. Bf3 f5 25. Rd1 Kf7 26. exf5 gxf5 27. Bh5+ Ke6 28. Bxe8 Rxe8 29. g4 e4 30. Bc7 fxg4 31. hxg4 Be7 32. Kg3 Rg8 33. Rh1 Nf6 34. f3 h5 35. Re1 d5 36. g5 Rxg5+ 37. Kh3 Kd7 38. Bg3 exf3 39. Nb6+ Kd8 40. cxd5 Nxd5 41. Nc4 h4 42. Be5 Bc5 43. Bh2 f2 44. Rb1 Rg1 45. Bxg1 fxg1Q 46. Rxg1 Bxg1 47. Kxh4 Kc7 48. Kg3 Nb6 49. Nd2 Kd6 50. Kf3 Kc5 51. Ke2 Kb4 52. Kd3 Ka3 53. Nf3 Bf2 54. Ne5 c5 55. Kc2 Kxa2 56. Nc6 Ka3 57. Nb8 a5 58. Nc6 Be1 59. Ne5 Bb4 60. Nd3 Nd5 61. Nc1 Ne3+ 62. Kb1 Bd2 63. Nd3 Bb4 64. Nc1 Bc3 65. Nd3 Bd4 66. Nc1 Nd5 67. Kc2 Nb4+ 68. Kb1 Be3 69. Ne2 Kxb3 0-1

[Event "Sabaneta op-A 1st"]
[Site "Sabaneta"]
[Date "2022.11.25"]
[Round "1"]
[White "Loaiza Cuervo, Santiago"]
[Black "Strikovic, Aleksa"]
[Result "0-1"]
[WhiteElo "2037"]
[BlackElo "2463"]
[PlyCount "45"]
[EventDate "2022.11.25"]
[EventType "swiss"]
[EventRounds "10"]
[EventCountry "COL"]
[SourceTitle "CBM 211 Extra"]
[Source "ChessBase"]
[SourceDate "2023.01.31"]
[SourceVersion "1"]
[SourceVersionDate "2023.01.31"]
[SourceQuality "1"]

1. e4 c5 2. Nf3 e6 3. d4 cxd4 4. Nxd4 a6 5. Bd3 Nf6 6. Qe2 d6 7. 0-0 g6 8. f4 Bg7 9. Nc3 0-0 10. f5 Qb6 11. Be3 Qxb2 12. Na4 Qb4 13. Nxe6 Qxa4 14. Nc7 Qc6 15. Nxa8 Nbd7 16. Rab1 b5 17. a4 Qxa8 18. axb5 axb5 19. Rxb5 Nxe4 20. fxg6 hxg6 21. Qf3 d5 22. c4 Ne5 23. Rb4 0-1

[Event "Medellin Raza Cup"]
[Site "Medellin"]
[Date "2022.10.19"]
[Round "2"]
[White "Marin, Sebastian"]
[Black "Loaiza Cuervo, Santiago"]
[Result "1-0"]
[WhiteElo "2289"]
[BlackElo "2027"]
[PlyCount "74"]
[EventDate "2022.10.19"]
[EventType "swiss"]
[EventRounds "10"]
[EventCountry "COL"]
[SourceTitle "EXT 2024"]
[Source "ChessBase"]
[SourceDate "2023.10.10"]
[SourceVersion "1"]
[SourceVersionDate "2023.10.10"]
[SourceQuality "1"]

1. e4 c5 2. Nf3 d6 3. d4 cxd4 4. Nxd4 Nf6 5. Nc3 a6 6. f3 e5 7. Nb3 Be7 8. Be3 Be6 9. Qd2 h5 10. Be2 Nbd7 11. Nd5 Bxd5 12. exd5 Qc7 13. Na5 e4 14. 0-0-0 Rc8 15. c4 exf3 16. gxf3 0-0 17. Kb1 Ne5 18. c5 Bd8 19. b4 Qd7 20. Nb3 Nxf3 21. Qc2 Re8 22. Bf4 Ne5 23. Rhe1 Qa4 24. Qf5 Qd7 25. Qxd7 Nfxd7 26. c6 bxc6 27. Bxa6 Rc7 28. dxc6 Nb8 29. Bb5 g5 30. Bxe5 dxe5 31. Rxe5 Rxe5 32. Rxd8+ Kg7 33. Rxb8 f5 34. Nc5 Kg6 35. Rb7 Ree7 36. Rxc7 Rxc7 37. Ne6 Kf6 1-0

[Event "Pan American-ch U20"]
[Site "Pereira"]
[Date "2022.08.26"]
[Round "6"]
[White "Cajamarca Gordillo, Sebastian Alejandro"]
[Black "Loaiza Cuervo, Santiago"]
[Result "0-1"]
[WhiteElo "1590"]
[BlackElo "2082"]
[PlyCount "54"]
[EventDate "2022.08.23"]
[EventType "swiss"]
[EventRounds "9"]
[EventCountry "COL"]
[SourceTitle "CBM 210 Extra"]
[Source "ChessBase"]
[SourceDate "2022.11.30"]
[SourceVersion "1"]
[SourceVersionDate "2022.11.30"]
[SourceQuality "1"]

1. d4 Nf6 2. c4 g6 3. Nc3 Bg7 4. e4 d6 5. Be2 0-0 6. Be3 Na6 7. h4 c5 8. d5 e6 9. h5 exd5 10. cxd5 Re8 11. hxg6 fxg6 12. Bg5 Qb6 13. Bxf6 Bxf6 14. Qc2 Bd7 15. a3 Qa5 16. f3 b5 17. Kf1 c4 18. Nd1 Nc5 19. a4 Nb3 20. Ra3 b4 21. Rxb3 cxb3 22. Qxb3 Qxa4 23. Qe3 Rac8 24. Qf4 Bb5 25. Kf2 Be5 26. Qh4 Rc7 27. f4 Bxf4 0-1

[Event "COL-ch"]
[Site "Boyaca"]
[Date "2022.08.20"]
[Round "7"]
[White "Loaiza Cuervo, Santiago"]
[Black "Uribe, Alquiber"]
[Result "1-0"]
[WhiteElo "2082"]
[BlackElo "1542"]
[PlyCount "55"]
[EventDate "2022.08.17"]
[EventType "swiss"]
[EventRounds "9"]
[EventCountry "COL"]
[SourceTitle "CBM 210 Extra"]
[Source "ChessBase"]
[SourceDate "2022.11.30"]
[SourceVersion "1"]
[SourceVersionDate "2022.11.30"]
[SourceQuality "1"]

1. e4 c6 2. d4 d5 3. e5 Bf5 4. Nf3 e6 5. Be2 Ne7 6. Nbd2 Nd7 7. Nb3 b6 8. 0-0 c5 9. dxc5 bxc5 10. Bb5 Qb6 11. Bxd7+ Kxd7 12. c4 d4 13. Nxc5+ Qxc5 14. Nxd4 Kc8 15. Be3 Qxe5 16. Qa4 Be4 17. c5 a6 18. Rac1 Qc7 19. c6 Bd5 20. b4 Nf5 21. Nxf5 exf5 22. b5 Rb8 23. Qxa6+ Kd8 24. b6 Qxc6 25. Rxc6 Bxc6 26. b7 Bxb7 27. Rd1+ Ke8 28. Qb5+ 1-0

[Event "COL-ch"]
[Site "Boyaca"]
[Date "2022.08.18"]
[Round "4"]
[White "Marin, Sebastian"]
[Black "Loaiza Cuervo, Santiago"]
[Result "1/2-1/2"]
[WhiteElo "2296"]
[BlackElo "2082"]
[PlyCount "102"]
[EventDate "2022.08.17"]
[EventType "swiss"]
[EventRounds "9"]
[EventCountry "COL"]
[SourceTitle "CBM 210 Extra"]
[Source "ChessBase"]
[SourceDate "2022.11.30"]
[SourceVersion "1"]
[SourceVersionDate "2022.11.30"]
[SourceQuality "1"]

1. e4 c5 2. Nf3 d6 3. d4 cxd4 4. Nxd4 Nf6 5. Nc3 a6 6. f3 e5 7. Nb3 Be7 8. Be3 Be6 9. Qd2 h5 10. Be2 Nbd7 11. Nd5 Nxd5 12. exd5 Bf5 13. c4 a5 14. Rc1 0-0 15. 0-0 Nf6 16. Rfd1 b6 17. Qe1 Nd7 18. Qf1 a4 19. Na1 Re8 20. Nc2 Bg5 21. Qf2 Bxc2 22. Rxc2 Bxe3 23. Qxe3 Nc5 24. b4 axb3 25. axb3 f5 26. b4 f4 27. Qc3 Nd7 28. Bd3 Qc7 29. Bg6 Rec8 30. Bf5 Ra4 31. h3 Qa7 32. Kh1 Ra3 33. Qe1 Rc7 34. Be6+ Kf8 35. Bxd7 Rxd7 36. Qh4 Ra1 37. Rcc1 Rxc1 38. Rxc1 Qa3 39. Qe1 Rc7 40. Ra1 Qd3 41. Qh4 Qxc4 42. Qd8+ Kf7 43. Qxd6 Re7 44. Qd8 Qc3 45. Rd1 Qc2 46. Re1 Qd2 47. Re4 Qf2 48. Qb8 Qa2 49. d6 Ra7 50. Qxb6 Qb1+ 51. Qg1 Ra1 1/2-1/2